000 00714nam a22002057a 4500
005 20100809102336.0
010 _aENG-98959
020 _c40.00
_a9788190720168
035 _aEN-82491
037 _bDBAD/PUB
082 _a515.3
100 _aC. Madhikumar
_98967
245 _aFundamentals of the kinetics of particles :
_cby C. Madhikumar
_bDynamics /
260 _aVellore
_bAnbu Nilayam
_c2008
270 _a11, Punniyakotti Nagar, Salavanpet
_bTiruchirappalli
_e620002
300 _a81 p.
_c21 cm. (Pbk)
700 _97380
942 _2ddc
_cEN
_h515.3
_mCMA
999 _c40222
_d40222